| 000 | 00860nam a2200277Ia 4500 | ||
|---|---|---|---|
| 003 | OSt | ||
| 005 | 20220924124304.0 | ||
| 006 | a|||||r|||| 00| 0 | ||
| 007 | ta | ||
| 008 | 220923b |||||||| |||| 00| 0 urd d | ||
| 020 | _a9788175875913 (PB) | ||
| 020 | _cINR 222.00 | ||
| 024 | _a354458 | ||
| 037 |
_bTB4993, 29/12/2021, Technical Bureau India Pvt. Ltd. _cTextual |
||
| 040 |
_aARTS _cARTS _burd |
||
| 041 |
_2urd _aurd |
||
| 082 | _aV2.N5, 168M4;Q1 | ||
| 100 |
_aHabib M Au. _9195393 |
||
| 245 | 0 | _aJame-e-tareekh-e-hind | |
| 260 |
_aNew Delhi _b NCPUL India _c2011 |
||
| 300 |
_a1000p. _ccm. |
||
| 650 | _aINDIA - HISTORY | ||
| 700 |
_a Nizami K A Au. _9195394 |
||
| 942 |
_hV2.N5, 168M4;Q1 _cTEXL _2CC |
||
| 999 |
_c419137 _d419137 |
||